00531nam a22001457a 4500003000400000005001700004008004100021040001400062100002700076245011500103260001000218300002900228500010100257504002700358OSt20171010095456.0120705t xxu||||| |||| 00| 0 eng d aMMSUcULS aMabanag, Carol Ann T.  aSelf-assessment of selected sectors of Vintar, Ilocos Norte on their poverty situation cCarol Ann T. Mabanag  c2008  axiv, 118 leaves c28 cm. aThesis (AB Sociology) -- Mariano Marcos State University-College of Arts & Sciences, Batac City  aBibliography: leaf 85